000 00458nam a2200169Ia 4500
999 _c28759
_d28759
003 OSt
005 20201228144122.0
008 190216s9999||||xx |||||||||||||| ||und||
040 _coclc
082 _a910
_bJOY/N
100 _aJoyskutty, J
_97475
245 0 _aNalla Hymavathabhoovil /
_cJoyskutty J
260 _bPAPYRUS BOOKS,
_aCalicut:
_c2006.
300 _a96p
650 _aKavitha
942 _cBK
_2ddc
_h910
_iJOY/N
_k910
_mJOY/N